000 00536nam a2200181Ia 4500
008 230718s9999 xx 000 0 und d
020 _a9788131503140
041 _aeng
082 _a005.73
_bGIL
100 _aGilberg R.F.
_9133084
245 _aData Structures
_bA Pseudocode Approach With C
250 _a2nd ed.
260 _c2019
_bCengage Learning
300 _a720
_dRef 20 IT (33013)
365 _cRs.
_b650.00
700 _aGilberg R.F. & Forouzan B.A.
_9187360
906 _dO:0659531-Aug-2019B:564324-Aug-2019
_cSBB-M
_b162.5
999 _c350260
_d350260